Regional political economy of China ascendant: pivotal issues and critical perspectives
Salvato in:
| Autore principale: | |
|---|---|
| Natura: | Libro |
| Lingua: | inglese |
| Pubblicazione: |
Kuala Lumpur
University of Malaya, Institute of China Studies
2009
|
| Soggetti: | |
| Tags: |
Aggiungi Tag
Nessun Tag, puoi essere il primo ad aggiungerne!!
|
MARC
| LEADER | 00000cam a2200000 a 4500 | ||
|---|---|---|---|
| 001 | UCG2648 | ||
| 003 | CL-VaPUC | ||
| 008 | 100715e20090000my |||||||||||||||||eng|d | ||
| 020 | |a 9789675148323 | ||
| 082 | 0 | 4 | |a 338.951 |b YEO |2 21 |
| 100 | 0 | |a Yeoh Kok-Kheng, Emile |e author |9 551161 | |
| 245 | 1 | 0 | |a Regional political economy of China ascendant: pivotal issues and critical perspectives |
| 300 | |a 308 p | ||
| 942 | |c BK | ||
| 945 | |d 20100715 00:00:00 |a mfarfan | ||
| 260 | |a Kuala Lumpur |b University of Malaya, Institute of China Studies |c 2009 | ||
| 650 | 0 | |a Economía |9 255568 | |
| 650 | 7 | |a COMERCIO INTERNACIONAL |2 CL-VaPUC |9 551162 | |
| 650 | 0 | |a Condiciones económicas |9 258255 | |
| 650 | 0 | |a Relaciones Internacionales |9 255740 | |
| 651 | 0 | |a China |9 257545 | |
| 583 | |a last modification |c 20140806 11:56:52 |k Rodrigo Vera | ||
| 999 | |c 341778 |d 341776 | ||
| 952 | |0 0 |1 0 |4 0 |6 338_951000000000000_YEO_2009 |7 0 |8 A |9 437520 |a BIBGIM |b BIBGIM |d 2019-11-22 |i 4692543 |o 338.951 YEO 2009 |p 4692543 |r 2025-01-15 |w 2019-11-22 |y BK |k ORI | ||